Noticias sobre AIEPI (Atencion Intergrada a las Enfermedades Prevalentes de la Infancia) (Registro nro. 1222)
[ vista simple ]
| 000 -LEADER | |
|---|---|
| fixed length control field | 00651nas a22001697a 4500 |
| 008 - CAMPO DE CONTROL RECURSOS CONTINUADOS | |
| fixed length control field | 130306t20009999-us||||| |||| 00| 0 spa d |
| 245 ## - TITULO | |
| Titulo | Noticias sobre AIEPI (Atencion Intergrada a las Enfermedades Prevalentes de la Infancia) |
| 260 ## - PUBLICACION, DISTRIBUCION, ETC. (PIE DE IMPRENTA) | |
| Lugar de publicación, distribución, etc | Washington: |
| Nombre de la editorial, distribuidor, etc. | Unidad de Atencion Integrada a las Enfermedades Transmisibles; |
| -- | OPS, |
| Fecha de publicación | 2000 |
| 300 ## - DESCRIPCION FISICA | |
| Extensión | v. : |
| 310 ## - FRECUENCIA ACTUAL DE LA PUBLICACION | |
| Frecuencia actual de la publicación | cuatrimestral |
| 546 ## - NOTA DE IDIOMA | |
| Nota de lenguaje | español |
| 590 ## - NOTAS LOCALES (RLIN) | |
| Nota local | Existencias: 2000 (3,4); 2001 (6)<br/>BAJA DEPOSITO (CAJA 24) MAYO 2019 |
| 650 ## - MATERIA-TERMINO TEMATICO | |
| Término temático | PEDIATRIA |
| 9 (RLIN) | 1741 |
| 650 ## - MATERIA-TERMINO TEMATICO | |
| Término temático | ATENCION PRIMARIA DE SALUD |
| 9 (RLIN) | 1945 |
| 856 ## - LOCALIZACION ELECTRONICA Y ACCESO | |
| Identificador Uniforme de Recurso (URI) | <a href="http://www.paho.org/spanish/hcp/hct/imci/noticias.htm">http://www.paho.org/spanish/hcp/hct/imci/noticias.htm</a> |
| 942 ## - ADDED ENTRY ELEMENTS (KOHA) | |
| Source of classification or shelving scheme | Dewey Decimal Classification |
| Item type | Continuing Resources |
No hay ítems disponibles.